000 01170nam a2200325 c 4500
003 BLK
005 20181004125554.0
008 180409b bul|||||r ||||||| ||bul||
010 _aKNG00135642000
020 _a978-954-390-085-5
_bиздат.: SkyPrint 04
040 _aBLK
041 _aBUL
_cBUL
072 7 _2bullib
_aН83
_xЧужда художествена литература Н
080 _aАмериканска литература (на САЩ)
_b821.111(73)
_x-31
_z821.111(73)-31
100 1 _aАндрюс, Анди
_eпърви автор
_9321916
700 1 _aГеоргиев, Стефан
_eпрев.
_9366641
139 _aАндрюс, Анди
_bА 66
245 1 0 _aСъюзници
_bРоман
_cАнди Андрюс; прев. Стефан Георгиев.
257 _aUSA
260 Пловдив
_bSkyPrint 04
_c2012
300 _a197 с.
_c20 см
380 _aX
500 _aОриг. загл. The Heart Mender / Andy Andrews
659 _aН
852 _aЦб 257089
856 4 _qpdf
_u
856 4 _qpdf
_u
942 _cKNG
_n0
_02
944 _aCR
_c19.11.2012
_kВаля_Йорданова
944 _aED
_c19.01.2017
_kВиолета_Тройчева
999 _c129897
_d129897